000 00286nam a22001337a 4500
008 170214b xxu||||| |||| 00| 0 eng d
020 _a9780865423732
041 _aeng
080 _a61
100 _a4
101 _aSHM
245 _aWOMEN'S MEDICINE
_cBLACKWELL, R.E
942 _2udc
_cBK
999 _c5424
_d5424